|
|
|
|
| LEADER |
00000nam a2200000 a 4500 |
| 001 |
UCK6202 |
| 003 |
CL-VaPUC |
| 008 |
050909e20030000SP |||||||||||||||||spa|d |
| 020 |
|
|
|a 842771436X
|
| 082 |
0 |
4 |
|a 378.1734
|b CEB
|2 21
|
| 100 |
0 |
|
|a Cebrián de la Serna, Manuel
|e author
|9 495255
|
| 245 |
1 |
0 |
|a Enseñanza virtual para la innovación universitaria
|
| 250 |
|
|
|a 1a. ed
|
| 300 |
|
|
|a 196 p
|
| 942 |
|
|
|c BK
|
| 945 |
|
|
|d 20050909 00:00:00
|a cmena
|
| 260 |
|
|
|a Madrid
|b Narcea
|c 2003
|
| 650 |
|
0 |
|a Educación superior
|9 223851
|
| 650 |
|
0 |
|a Innovaciones pedagógicas
|9 307471
|
| 650 |
|
0 |
|a Tecnología de la información
|9 254825
|
| 650 |
|
0 |
|a Internet
|9 254823
|
| 650 |
|
0 |
|a Rol del docente
|9 329733
|
| 583 |
|
|
|a last modification
|c 20050909 00:00:00
|k Rodrigo Vera
|
| 999 |
|
|
|c 314512
|d 314510
|
| 952 |
|
|
|0 0
|1 0
|4 0
|6 378_173400000000000_CEB_2003
|7 0
|8 A
|9 386819
|a BIBEDU
|b BIBEDU
|d 2019-11-22
|i 4159624
|o 378.1734 CEB 2003
|p 4159624
|r 2019-11-22
|w 2019-11-22
|y BK
|k EDU
|